000 00627nam a22002177a 4500
005 20251108165851.0
008 250721s1992 xx 000 0 ara d
020 _a977023883x
082 1 4 _aط/ 666.1/إبش
100 1 _aأيشتين، سام
_eمؤلف
245 1 0 _aالزجاج /
250 _aط.5
264 1 _aالقاهرة :
_bدار المعارف،
_c1992.
300 _a67ص.:مص.
490 0 _aكتابك الأول عن
_v5
650 1 7 _aالزجاج
653 _aناشئون كبار (15-18 سنة)
700 1 _aالمنياوي، عبد الفتاح
_eTran.
942 _2ddc
_cBK
999 _c33377
_d33377